XSLT Quickly (Record no. 37198)

MARC details
000 -LEADER
fixed length control field 00434nam a2200181Ia 4500
020 ## - INTERNATIONAL STANDARD BOOK NUMBER
ISBN 1-1930110-11-1
050 ## - CALL MARK
Classification number QA 6.X58 .D83/
100 ## - STATEMENT OF RESPONSIBILITY--MAIN AUTHOR NAME
Personal name Bob Ducharme
245 #0 - TITLE STATEMENT
Title XSLT Quickly
260 ## - PUBLICATION, DISTRIBUTION, ETC. (IMPRINT)
Place of publication Greenwich
260 ## - PUBLICATION, DISTRIBUTION, ETC. (IMPRINT)
Name of publisher Manning Publications Inc
260 ## - PUBLICATION, DISTRIBUTION, ETC. (IMPRINT)
Year of publication 2001
300 ## - PHYSICAL DESCRIPTION
Number of Pages 287 p
650 ## - SUBJECT ADDED ENTRY--TOPICAL TERM
Topical Term (XSLT) Compter Language Program
942 ## - ADDED ENTRY ELEMENTS (KOHA)
Koha item type Books
Holdings
Withdrawn status Lost status Source of classification or shelving scheme Damaged status Not for loan Permanent Location Current Location Date acquired Accession Number Price effective from Koha item type
    Library of Congress Classification     NILE UNIVERSITY OF NIGERIA - MAIN LIBRARY NILE UNIVERSITY OF NIGERIA - MAIN LIBRARY 04/23/2025 0007774 04/23/2025 Books